skbl

Dr Suryya Kumar Bhuyan Library Web-OPAC
ডঃ সূৰ্য্য
কুমাৰ ভূঞা পুথিভঁৰাল ৱেব-অ'পেক

All Research Scholars are advised to clear the annual library fees to continue using Library Resources, Remote Access, Plagiarism Test and Library Clearance.

Cotton University Book Fair 2026

Kajjali (Record no. 57802)

MARC details
000 -LEADER
fixed length control field 00453nam a2200181Ia 4500
001 - CONTROL NUMBER
control field 57899
008 - FIXED-LENGTH DATA ELEMENTS--GENERAL INFORMATION
fixed length control field 140910n2003 ii |||gr||||Z||||||346
082 ## - DEWEY DECIMAL CLASSIFICATION NUMBER
Classification number 891.443
245 #0 - TITLE STATEMENT
Title Kajjali
Statement of responsibility, etc. Parashuram
Medium Textual Documents
250 ## - EDITION STATEMENT
Edition statement 14th ed.
260 ## - PUBLICATION, DISTRIBUTION, ETC.
Place of publication, distribution, etc. Calcutta
Name of publisher, distributor, etc. M.C. Sarkar & Sons
Date of publication, distribution, etc. 2003
300 ## - PHYSICAL DESCRIPTION
Extent 211pg:
Dimensions 19cm.
653 ## - INDEX TERM--UNCONTROLLED
Uncontrolled term Bengali
653 ## - INDEX TERM--UNCONTROLLED
Uncontrolled term Bengali Fiction
653 ## - INDEX TERM--UNCONTROLLED
Uncontrolled term MS-Bengali
700 ## - ADDED ENTRY--PERSONAL NAME
Personal name Parashuram,
Relator term Author.
942 ## - ADDED ENTRY ELEMENTS (KOHA)
Source of classification or shelving scheme Dewey Decimal Classification
Koha item type Books
Holdings
Withdrawn status Lost status Damaged status Not for loan Collection Home library Current library Shelving location Date acquired Coded location qualifier Cost, normal purchase price Total checkouts Full call number Barcode Date last seen Copy number Price effective from Koha item type
          Dr. Suryya Kumar Bhuyan Library Dr. Suryya Kumar Bhuyan Library   10/09/2014 00000 35.00   891.443 Pa 212 Ka 2588/Beng 14/01/2024 1 10/09/2014 Books

Designed and Maintained by Team SKBL
©1901-2026

Powered by Koha